000 00691nam a2200157 i 4500
001 187519
003 ES-MaACL
005 20230906222941.0
008 171023s1918 sp |||| | spa d
245 0 0 _aInforme sobre el estado y desarrollo de las industrias químicas en España /
_celevado á la Dirección General por el Negociado de Estadística industrial.
260 _aMadrid :
_b[s.n.],
_c1918 (
_fImp. de la Viuda de Antonio Álvarez)
300 _a96 p. ;
_c24 cm.
594 _aPrecede al tít.: Ministerio de Fomento-Dirección General de Comercio, Industria y Trabajo. Sección de Industrias.
650 4 _aIndustria química-
_zEspaña.
_9140241
852 _aES-MaACL
_j1570-F-3
999 _c187519
_d187519